Networks : (رقم التسجيلة. 20048)

تفاصيل مارك
000 -الفاتح
حقل البيانات ثابتة الطول 03202cam a22003854a 4500
001 - رقم الضبط
رقم الضبط 16092291
003 - محدد رقم الضبط
رقم الضبط OSt
005 - وقت وتاريخ اخر تعامل مع التسجيلة
رقم الضبط 20150408114001.0
008 - عناصر البيانات ثابتة الطول - معلومات عامة
حقل البيانات ثابتة الطول 111215s2010 enka b 001 0 eng
010 ## - رقم ضبط مكتبة الكونجرس
رقم ضبط مكتبة الكونجرس 2010006011
015 ## - رقم الببليوجرافية الوطنية
رقم الببليوجرافية الوطنية GBA999031
المصدر bnb
016 7# - رقم ضبط الوكاله الوطنية للضبط الببليوجرافي
رقم ضبط التسجيلة 015390806
المصدر Uk
020 ## - الرقم الدولى المعيارى للكتب
الرقم الدولى المعيارى للكتاب 9780199206650 (acidfree paper)
020 ## - الرقم الدولى المعيارى للكتب
الرقم الدولى المعيارى للكتاب 0199206651 (acidfree paper)
035 ## - رقم ضبط النظام
رقم ضبط النظام (OCoLC)ocn456837194
040 ## - مصدر الفهرسة
وكالة الفهرسة الأصلية DLC
وكالة النسخ DLC
وكالة التعديل YDX
-- UKM
-- YDXCP
-- BWK
-- BWX
-- DLC
042 ## - رمز التحقق
رمز التحقق pcc
050 00 - رقم طلب مكتبة الكونجرس
رقم التصنيف T57.85
رقم المادة .N523 2010
082 00 - رقم تصنيف ديوى العشرى
رقم التصنيف 003 N M N
رقم الطبعة 22
100 1# - المدخل الرئيسى - إسم شخصى
الإسم الشخصى Newman, M. E. J.
الشكل الأكمل للاسم (Mark E. J.)
9 (RLIN) 8583
245 10 - بيان العنوان
العنوان Networks :
بقية العنوان an introduction /
بيان المسئوليه,etc M.E.J. Newman.
260 ## - PUBLICATION, DISTRIBUTION, ETC. (IMPRINT)
مكان الناشر او الموزع Oxford ;
-- New York :
اسم الناشر او الموزع Oxford University Press,
تاريخ النشر أو التوزيع 2010.
300 ## - الوصف المادى
التعداد xi, 772 p. :
تفاصيل ماديه اخرى للوعاء ill. (some col.) ;
أبعاد الوعاء 26 cm.
504 ## - تبصرة ببليوجرافية
تبصرة ببليوجرافية,الخ Includes bibliographical references (p. 727-739) and index.
505 8# - تبصرة محتويات-الفهرس
تبصرة المحتويات المصاغة Machine generated contents note: -- 1. Introduction -- 2. Technological Networks -- 3. Social Networks -- 4. Information Networks -- 5. Biological Networks -- 6. Mathematics of Networks -- 7. Measures and Metrics -- 8. The Large-scale Structure of Networks -- 9. Basic Concepts of Algorithms -- 10. Fundamental Network Algorithms -- 11. Matrix Algorithms and Graph Partitioning -- 12. Random Graphs -- 13. Generalized Random Graphs -- 14. Models of Network Formation -- 15. Other Network Models -- 16. Percolation and Network Resilience -- 17. Epidemics on Networks -- 18. Dynamical Systems on Networks -- 19. Network Search -- References -- Index.
520 ## - التبصرة الخاصة بالتعليق أو التلخيص
ملخص,الخ "The scientific study of networks, including computer networks, social networks, and biological networks, has received an enormous amount of interest in the last few years. The rise of the Internet and the wide availability of inexpensive computers have made it possible to gather and analyze network data on a large scale, and the development of a variety of new theoretical tools has allowed us to extract new knowledge from many different kinds of networks. The study of networks is broadly interdisciplinary and important developments have occurred in many fields, including mathematics, physics, computer and information sciences, biology, and the social sciences. This book brings together for the first time the most important breakthroughs in each of these fields and presents them in a coherent fashion, highlighting the strong interconnections between work in different areas. Subjects covered include the measurement and structure of networks in many branches of science, methods for analyzing network data, including methods developed in physics, statistics, and sociology, the fundamentals of graph theory, computer algorithms, and spectral methods, mathematical models of networks, including random graph models and generative models, and theories of dynamical processes taking place on networks"--
650 #0 - المدخل الاضافى بالموضوع-مصطلح موضوعى
مصطلح موضوعي أو اسم جغرافي كعنصر مدخل System analysis.
9 (RLIN) 4033
650 #0 - المدخل الاضافى بالموضوع-مصطلح موضوعى
مصطلح موضوعي أو اسم جغرافي كعنصر مدخل Network analysis (Planning)
9 (RLIN) 8584
650 #0 - المدخل الاضافى بالموضوع-مصطلح موضوعى
مصطلح موضوعي أو اسم جغرافي كعنصر مدخل Systems biology.
9 (RLIN) 8585
650 #0 - المدخل الاضافى بالموضوع-مصطلح موضوعى
مصطلح موضوعي أو اسم جغرافي كعنصر مدخل Engineering systems.
9 (RLIN) 8586
650 #0 - المدخل الاضافى بالموضوع-مصطلح موضوعى
مصطلح موضوعي أو اسم جغرافي كعنصر مدخل Social systems.
9 (RLIN) 8587
906 ## - عنصر بيانات محلى F, LDF (RLIN)
a 7
b cbc
c orignew
d 1
e ecip
f 20
g y-gencatlg
942 ## - عناصر المدخل الإضافي( كوها)
مصدر التصنيف او مخطط الترفيف Dewey Decimal Classification
Koha [default] item type DVD
المقتنيات
حالة الفقد نموذج السعر الفعال حالة تلف ليس للاعارة رقم الطلب تاريخ الاكتساب الموقع الحالي الباركود الفرع الرئيسي Date last seen نوع المادة فى نظام كوها مصدر التصنيف او خطة الترفيف Total Checkouts
  2013-03-10     003 N M N 2011-12-15 قسم الاجراءات الفنية (IC) 00100373 قسم الاجراءات الفنية (IC) 2013-03-10 كتاب Dewey Decimal Classification  
  2013-03-10     003 N M N 2011-12-15 قسم الاجراءات الفنية (IC) 00100372 قسم الاجراءات الفنية (IC) 2013-03-10 كتاب Dewey Decimal Classification